Dressing / (Record no. 102681)
[ view plain ]
| 000 -LEADER | |
|---|---|
| fixed length control field | 00595nam a2200181 a 4500 |
| 005 - DATE AND TIME OF LATEST TRANSACTION | |
| control field | 20140412111240.0 |
| 008 - FIXED-LENGTH DATA ELEMENTS--GENERAL INFORMATION | |
| fixed length control field | 040302s19uu xx 00 eng d |
| 050 ## - LIBRARY OF CONGRESS CALL NUMBER | |
| Classification number | TR(PS E |
| Item number | Dr81 1981 |
| 100 ## - MAIN ENTRY--PERSONAL NAME | |
| Personal name | Oxenbury, Helen |
| 245 ## - TITLE STATEMENT | |
| Title | Dressing / |
| Statement of responsibility, etc | Helen Oxenbury. |
| 260 ## - PUBLICATION, DISTRIBUTION, ETC. (IMPRINT) | |
| Place of publication, distribution, etc | New York : |
| Name of publisher, distributor, etc | Simon & Schuster Inc, |
| Date of publication, distribution, etc | 1981. |
| 300 ## - PHYSICAL DESCRIPTION | |
| Extent | 1 v. (unp.) ; ill. |
| 440 ## - SERIES STATEMENT/ADDED ENTRY--TITLE | |
| Title | Baby Board Books |
| 520 ## - SUMMARY, ETC. | |
| Summary, etc | Specially created for babies from age of six months. Mother and fathers and babies can enjoy these books. |
| 650 ## - SUBJECT ADDED ENTRY--TOPICAL TERM | |
| Topical term or geographic name as entry element | Picture book |
| 650 ## - SUBJECT ADDED ENTRY--TOPICAL TERM | |
| Topical term or geographic name as entry element | Dressing |
| General subdivision | Juvenile literature |
| Withdrawn status | Lost status | Damaged status | Home library | Current library | Shelving location | Date acquired | Source of acquisition | Total Checkouts | Full call number | Barcode | Date last seen | Price effective from | Koha item type |
|---|---|---|---|---|---|---|---|---|---|---|---|---|---|
| Elizalde Library | Elizalde Library | Teachers Reference Section | 03/02/2004 | TR(PS E Dr81 1981 | E2490 | 04/12/2014 | 04/12/2014 | Books |